[Event "St Petersburg Rudenko Memorial (Women)"]
[Site "St Petersburg"]
[Date "2006.09.26"]
[Round "1"]
[White "Andreeva, Natalija"]
[Black "Sitdikova, Liya"]
[Result "1-0"]
[WhiteElo "2237"]
[BlackElo "2021"]
[PlyCount "71"]
[EventDate "2006.08.26"]
[EventType "swiss"]
[EventRounds "9"]
[EventCountry "RUS"]
[SourceTitle "CBM 113 Extra"]
[Source "ChessBase"]
[SourceDate "2006.09.14"]
[SourceVersion "1"]
[SourceVersionDate "2006.09.14"]
[SourceQuality "1"]

1. Nf3 Nf6 2. g3 c5 3. Bg2 Nc6 4. d4 cxd4 5. Nxd4 g6 6. c4 Bg7 7. Nc2 0-0 8. Nc3 d6 9. b3 Be6 10. Rb1 Qc8 11. h3 Rd8 12. Ne3 d5 13. Ncxd5 Bf5 14. Nxf5 Qxf5 15. Qd3 Qxd3 16. exd3 Nxd5 17. Bxd5 Nb4 18. Bxb7 Rab8 19. Be4 f5 20. Bd5+ Nxd5 21. cxd5 Rxd5 22. Ke2 Ra5 23. a3 Rab5 24. b4 a5 25. Bd2 Be5 26. Rhc1 Bd6 27. Rc4 Kf7 28. Bc3 R8b7 29. a4 R5b6 30. b5 Rc7 31. Bxa5 Rxc4 32. dxc4 Rb7 33. Bd2 Bc5 34. Be3 Bd6 35. c5 Bc7 36. b6 1-0

[Event "St Petersburg Rudenko Memorial (Women)"]
[Site "St Petersburg"]
[Date "2006.09.02"]
[Round "8"]
[White "Chernova, Anastasia"]
[Black "Andreeva, Natalija"]
[Result "0-1"]
[WhiteElo "2153"]
[BlackElo "2237"]
[PlyCount "82"]
[EventDate "2006.08.26"]
[EventType "swiss"]
[EventRounds "9"]
[EventCountry "RUS"]
[SourceTitle "CBM 113 Extra"]
[Source "ChessBase"]
[SourceDate "2006.09.14"]
[SourceVersion "1"]
[SourceVersionDate "2006.09.14"]
[SourceQuality "1"]

1. d4 Nf6 2. c4 g6 3. Nc3 d5 4. cxd5 Nxd5 5. Nf3 Bg7 6. Qb3 Nb6 7. Bg5 0-0 8. Rd1 Nc6 9. e3 Bf5 10. Be2 a5 11. e4 Bg4 12. d5 Nb4 13. a3 Na6 14. Be3 Nd7 15. 0-0 Nac5 16. Qc4 b6 17. Bxc5 bxc5 18. Na4 Nb6 19. Nxb6 cxb6 20. Ne1 Bd7 21. Qc2 b5 22. Kh1 Rc8 23. f4 c4 24. Nf3 Qb6 25. Qd2 c3 26. bxc3 Bxc3 27. Qd3 b4 28. axb4 axb4 29. Rb1 Ba4 30. Rfc1 Bb2 31. Rxc8 Rxc8 32. Qd2 Rc2 33. Qe1 Bc3 34. Qf1 Qe3 35. Bd1 Rc1 36. Rxc1 Qxc1 37. Be2 Qxf1+ 38. Bxf1 Bc2 39. Bb5 Bxe4 40. Ba4 Bxd5 41. Bc2 Ba2 0-1

[Event "RUS-Cup 300 years"]
[Site "St Petersburg"]
[Date "2003.10.24"]
[Round "7"]
[White "Andreeva, Natalija"]
[Black "Kulakov, Viacheslav"]
[Result "0-1"]
[WhiteElo "2285"]
[BlackElo "2146"]
[PlyCount "70"]
[EventDate "2003.10.18"]
[EventType "swiss"]
[EventRounds "9"]
[EventCountry "RUS"]
[SourceTitle "EXT 2004"]
[Source "ChessBase"]
[SourceDate "2003.11.25"]
[SourceVersion "1"]
[SourceVersionDate "2003.11.25"]
[SourceQuality "1"]

1. Nf3 d5 2. g3 Nf6 3. Bg2 c6 4. 0-0 Bf5 5. d3 Nbd7 6. c4 e6 7. Nc3 Be7 8. Be3 0-0 9. Qb3 Qc7 10. cxd5 Nxd5 11. Nxd5 exd5 12. Rfc1 Be6 13. Nd4 Nf6 14. f4 Ng4 15. Nxe6 fxe6 16. Bd4 Rxf4 17. e4 Rff8 18. exd5 Qd7 19. Qc3 exd5 20. Bxg7 Bg5 21. Bd4 Bxc1 22. Rxc1 Rae8 23. h3 Ne3 24. Qd2 Nf5 25. Qg5+ Ng7 26. Rc2 Rf5 27. Qd2 Qd6 28. g4 Rf7 29. Bf2 Ne6 30. Qe3 Qf4 31. Qe1 Rfe7 32. Re2 Qf6 33. Bxa7 Nf4 34. Rxe7 Rxe7 35. Qf1 Ne2+ 0-1

[Event "RUS-Cup 300 years"]
[Site "St Petersburg"]
[Date "2003.10.20"]
[Round "3"]
[White "Andreeva, Natalija"]
[Black "Ziatdinov, Raset"]
[Result "1-0"]
[WhiteElo "2285"]
[BlackElo "2448"]
[PlyCount "89"]
[EventDate "2003.10.18"]
[EventType "swiss"]
[EventRounds "9"]
[EventCountry "RUS"]
[SourceTitle "EXT 2004"]
[Source "ChessBase"]
[SourceDate "2003.11.25"]
[SourceVersion "1"]
[SourceVersionDate "2003.11.25"]
[SourceQuality "1"]

1. Nf3 d5 2. g3 Nf6 3. Bg2 e6 4. 0-0 b6 5. d4 Be7 6. c4 c6 7. Qc2 0-0 8. Rd1 a5 9. Nbd2 Bb7 10. e4 Na6 11. b3 Rc8 12. Bb2 Rc7 13. Rac1 Nb4 14. Qb1 Nxe4 15. Nxe4 dxe4 16. Qxe4 Nxa2 17. Ra1 Nb4 18. c5 Rc8 19. Bc3 Nd5 20. Be1 Ra8 21. cxb6 Qxb6 22. Ne5 Qc7 23. Rdc1 Bb4 24. Rc4 Rfd8 25. Rac1 Rd6 26. Qb1 Bxe1 27. Rxe1 Nb4 28. Rec1 Rad8 29. Nf3 h6 30. Qa1 Qb6 31. Bf1 Rd5 32. h4 Rf5 33. Ne5 f6 34. Ng6 Kf7 35. Nf4 Rxf4 36. gxf4 Nd5 37. Rc5 Ra8 38. f5 exf5 39. Bc4 Kg6 40. Bxd5 cxd5 41. Qc3 Qd6 42. Rc7 Ba6 43. Qf3 Kh7 44. Qxf5+ Kh8 45. R1c6 1-0

[Event "EU-ch (Women) 3rd"]
[Site "Varna"]
[Date "2002.06.06"]
[Round "10"]
[White "Andreeva, Natalija"]
[Black "Mira, Helene"]
[Result "1-0"]
[WhiteElo "2289"]
[BlackElo "2127"]
[PlyCount "53"]
[EventDate "2002.05.27"]
[EventType "swiss"]
[EventRounds "11"]
[EventCountry "BUL"]
[SourceTitle "CBM 088 Extra"]
[Source "ChessBase"]
[SourceDate "2002.07.01"]
[SourceVersion "2"]
[SourceVersionDate "2002.07.01"]
[SourceQuality "1"]

1. Nf3 c5 2. g3 Nc6 3. d4 cxd4 4. Nxd4 g6 5. Bg2 Bg7 6. Nxc6 bxc6 7. c4 Rb8 8. Qc2 Qb6 9. Nd2 h5 10. 0-0 h4 11. Nb3 hxg3 12. hxg3 c5 13. Bd2 Bb7 14. e4 d6 15. Bc3 Bxc3 16. Qxc3 Nf6 17. Nc1 Rh7 18. Re1 Ng4 19. Ne2 e5 20. Qd2 Ke7 21. Nc3 Rg8 22. Rad1 Nf6 23. Re3 Ne8 24. Rd3 a6 25. Qg5+ f6 26. Qg4 Qxb2 27. Rb1 1-0

[Event "RUS-chT1 (Women)"]
[Site "Serpukhov"]
[Date "2002.??.??"]
[Round "2"]
[White "Andreeva, Natalija"]
[Black "Komarishkina, Julia"]
[Result "0-1"]
[WhiteElo "2285"]
[BlackElo "2111"]
[PlyCount "114"]
[EventDate "2002.??.??"]
[EventType "team"]
[EventRounds "9"]
[EventCountry "RUS"]
[SourceTitle "EXT 2003"]
[Source "ChessBase"]
[SourceDate "2002.11.25"]
[SourceVersion "1"]
[SourceVersionDate "2002.11.25"]
[SourceQuality "1"]

1. Nf3 Nf6 2. g3 g6 3. Bg2 Bg7 4. c4 d6 5. d4 0-0 6. 0-0 Nbd7 7. Nc3 c5 8. d5 Ne8 9. Bf4 a6 10. Qd2 Rb8 11. a4 b6 12. Bh6 Ne5 13. Nxe5 dxe5 14. Be3 Nd6 15. b3 f5 16. Rfc1 Qc7 17. a5 bxa5 18. Na4 Nb7 19. f4 e4 20. Rab1 Bd7 21. Qa2 Rfc8 22. Bd2 Qd6 23. Bc3 Bxc3 24. Nxc3 Qb6 25. g4 Qf6 26. e3 h6 27. Qf2 Nd6 28. gxf5 gxf5 29. Bf1 Kh7 30. Be2 Rb7 31. Bd1 a4 32. bxa4 Rxb1 33. Nxb1 Rb8 34. Nc3 Nxc4 35. Qe2 Rb2 36. Qe1 Qg6+ 37. Qg3 Nxe3 38. Be2 a5 39. Qxg6+ Kxg6 40. h3 Rd2 41. Bb5 Bc8 42. Be8+ Kf6 43. Bc6 Rg2+ 44. Kh1 Rf2 45. Kg1 Rxf4 46. Ne2 Rf3 47. Bb5 f4 48. Rxc5 Bxh3 49. Be8 Rf1+ 50. Kh2 Bg2 51. Nxf4 Rxf4 52. Rxa5 Bf1 53. Rc5 Rf2+ 54. Kg3 Rf3+ 55. Kh2 Ng4+ 56. Kg1 Bh3 57. Rc1 Rg3+ 0-1

[Event "RUS-chT1 (Women)"]
[Site "Serpukhov"]
[Date "2002.??.??"]
[Round "7"]
[White "Kutukova, Virineya"]
[Black "Andreeva, Natalija"]
[Result "0-1"]
[WhiteElo "2135"]
[BlackElo "2285"]
[PlyCount "106"]
[EventDate "2002.??.??"]
[EventType "team"]
[EventRounds "9"]
[EventCountry "RUS"]
[SourceTitle "EXT 2003"]
[Source "ChessBase"]
[SourceDate "2002.11.25"]
[SourceVersion "1"]
[SourceVersionDate "2002.11.25"]
[SourceQuality "1"]

1. e4 c5 2. c3 Nf6 3. e5 Nd5 4. d4 cxd4 5. cxd4 d6 6. Nf3 e6 7. Nc3 Bd7 8. Bd3 Nxc3 9. bxc3 Bc6 10. Ba3 Qc7 11. 0-0 Nd7 12. Re1 Bxf3 13. Qxf3 dxe5 14. Bxf8 Kxf8 15. Bb5 exd4 16. cxd4 Nf6 17. Rac1 Qe7 18. Bc4 Rd8 19. d5 e5 20. Red1 Ne8 21. Qe3 a6 22. Be2 h5 23. a4 g6 24. h3 Nd6 25. Qb6 Rd7 26. Rc3 Kg7 27. Rdc1 Rhd8 28. Qb1 f5 29. g4 Ne4 30. Re3 hxg4 31. hxg4 Qh4 32. Rxe4 Rh8 33. Bf3 fxe4 34. Qxe4 Qf6 35. Kf1 Rf7 36. d6 Qf4 37. Qxf4 exf4 38. Rd1 Rd8 39. Rd4 b6 40. Be2 Rfd7 41. Bxa6 g5 42. Ke2 Rxd6 43. Rxd6 Rxd6 44. Kf3 Rd4 45. Bb5 Kf6 46. Bc6 Rb4 47. Bd7 Ke5 48. Bc6 Rb3+ 49. Kg2 Ra3 50. Bb5 Kd4 51. Bc6 Kc4 52. Bd7 Kb4 53. Bc6 Rxa4 0-1

[Event "RUS-Cup06"]
[Site "Tomsk"]
[Date "2001.07.05"]
[Round "6"]
[White "Fominyh, Alexander"]
[Black "Andreeva, Natalija"]
[Result "1-0"]
[WhiteElo "2571"]
[BlackElo "2300"]
[PlyCount "67"]
[EventDate "2001.06.30"]
[EventType "swiss"]
[EventRounds "9"]
[EventCountry "RUS"]
[SourceTitle "CBM 083 Extra"]
[Source "ChessBase"]
[SourceDate "2001.09.11"]
[SourceVersion "1"]
[SourceVersionDate "2001.09.11"]
[SourceQuality "1"]

1. Nf3 Nf6 2. g3 g6 3. Bg2 Bg7 4. 0-0 0-0 5. d4 d5 6. Bf4 c5 7. dxc5 Na6 8. c6 bxc6 9. c4 e6 10. Qc1 Qe7 11. Bh6 Rd8 12. Bxg7 Kxg7 13. Nbd2 Bb7 14. Nb3 Rac8 15. Qe3 c5 16. cxd5 Nxd5 17. Qc1 e5 18. Na5 Ba8 19. Nd2 f6 20. Ndc4 Nac7 21. b3 Nb5 22. Qb2 Qe6 23. a4 Nd6 24. Nxd6 Rxd6 25. Rac1 e4 26. Rcd1 Rb6 27. Nc4 Rb4 28. Qc2 Nb6 29. Rd6 Rxc4 30. Qd1 Qe5 31. bxc4 Bc6 32. a5 Ba4 33. Qa1 Nxc4 34. Ra6 1-0

[Event "Chigorin Memorial 08th"]
[Site "St Petersburg"]
[Date "2000.10.31"]
[Round "1"]
[White "Andreeva, Natalija"]
[Black "Yandemirov, Valeri"]
[Result "0-1"]
[WhiteElo "2320"]
[BlackElo "2505"]
[PlyCount "84"]
[EventDate "2000.10.31"]
[EventType "swiss"]
[EventRounds "9"]
[EventCountry "RUS"]
[SourceTitle "EXT 2001"]
[Source "ChessBase"]
[SourceDate "2000.11.22"]
[SourceVersion "1"]
[SourceVersionDate "2000.11.22"]
[SourceQuality "1"]

1. Nf3 Nf6 2. c4 g6 3. g3 Bg7 4. Bg2 0-0 5. 0-0 c6 6. d4 d5 7. cxd5 cxd5 8. Ne5 e6 9. Nc3 Nfd7 10. f4 f6 11. Nf3 f5 12. Be3 Nc6 13. Ne5 Ndxe5 14. dxe5 Bd7 15. a4 Re8 16. Bc5 Qa5 17. Bf2 Red8 18. Qb3 Nb4 19. Rfc1 Bf8 20. Be1 Qb6+ 21. Bf2 Qa5 22. Be1 Rac8 23. Na2 Qb6+ 24. Bf2 Qa5 25. Be1 Qb6+ 26. Bf2 Nxa2 27. Bxb6 Nxc1 28. Qd1 Nxe2+ 29. Qxe2 axb6 30. h4 Rc4 31. b3 Rc3 32. Kh2 Rxb3 33. Qc2 Rb4 34. Qc7 Be7 35. Bxd5 exd5 36. e6 Rc4 37. Qxb7 Rc2+ 38. Kh3 Bf6 39. Qxd5 Bc6 40. Qb3 Bg2+ 41. Kh2 Be4+ 42. Kh3 Rb2 0-1

[Event "RUS-ch 1L (Women)"]
[Site "Orsk"]
[Date "2000.??.??"]
[Round "8"]
[White "Andreeva, Natalija"]
[Black "Cherkasova, Marina"]
[Result "0-1"]
[WhiteElo "2273"]
[BlackElo "2133"]
[PlyCount "90"]
[EventDate "2000.??.??"]
[EventType "swiss"]
[EventRounds "9"]
[EventCountry "RUS"]
[SourceTitle "EXT 2001"]
[Source "ChessBase"]
[SourceDate "2000.11.22"]
[SourceVersion "1"]
[SourceVersionDate "2000.11.22"]
[SourceQuality "1"]

1. e4 c5 2. f4 e6 3. Nf3 g6 4. Be2 Bg7 5. 0-0 Ne7 6. d3 Nbc6 7. c3 0-0 8. Kh1 Rb8 9. Be3 d6 10. Nbd2 b5 11. a3 a5 12. d4 b4 13. axb4 cxd4 14. cxd4 Rxb4 15. Nb3 a4 16. Nc1 Rxb2 17. Nd3 Rb8 18. Rxa4 Na5 19. Qc2 Bd7 20. Rb4 Rc8 21. Qa2 f5 22. e5 Nd5 23. Bd2 Nxb4 24. Bxb4 Nc4 25. exd6 Ne3 26. Rg1 Rc2 27. Qa7 Rxe2 28. Nc5 Ng4 29. h3 Nf2+ 30. Kh2 Bc6 31. Ne5 Qxd6 32. Ncd3 Qb8 33. Qe7 Qe8 34. Qc7 Nxd3 35. Bxf8 Bxe5 36. dxe5 Kxf8 37. Qd6+ Qe7 38. Qxd3 Ra2 39. Qc4 Bd5 40. Qc8+ Kg7 41. Qb8 h5 42. Qc8 h4 43. Qb8 Qd7 44. Qb4 Qc7 45. Kh1 Qb7 0-1

[Event "RUS-ch 1L (Women)"]
[Site "Orsk"]
[Date "2000.??.??"]
[Round "6"]
[White "Andreeva, Natalija"]
[Black "Matvienko, Larisa"]
[Result "0-1"]
[WhiteElo "2273"]
[BlackElo "2190"]
[PlyCount "120"]
[EventDate "2000.??.??"]
[EventType "swiss"]
[EventRounds "9"]
[EventCountry "RUS"]
[SourceTitle "EXT 2001"]
[Source "ChessBase"]
[SourceDate "2000.11.22"]
[SourceVersion "1"]
[SourceVersionDate "2000.11.22"]
[SourceQuality "1"]

1. e4 e5 2. Nf3 Nc6 3. Bc4 Nf6 4. d3 Be7 5. 0-0 0-0 6. Bb3 d6 7. c3 d5 8. exd5 Nxd5 9. Re1 Bf6 10. d4 exd4 11. Nxd4 Nxd4 12. cxd4 Be6 13. Nc3 b6 14. Ne4 Be7 15. Qf3 Qd7 16. h3 h6 17. Be3 Rfd8 18. Red1 Nxe3 19. Bxe6 Qxe6 20. fxe3 Rac8 21. a3 Rd7 22. Rdc1 c5 23. dxc5 Bxc5 24. Nxc5 bxc5 25. Rd1 Re7 26. Rd3 Rb8 27. Qe2 Reb7 28. Rd2 Qe5 29. Rb1 Rb3 30. e4 Rxa3 31. Rd5 Qg3 32. Rxc5 Re3 33. Qc2 Re8 34. Rc8 R3xe4 35. Rc1 Re1+ 36. Rxe1 Qxe1+ 37. Kh2 Qe5+ 38. Kh1 Qe1+ 39. Kh2 Qe5+ 40. Kh1 Rxc8 41. Qxc8+ Kh7 42. Qb7 Qe1+ 43. Kh2 Qf2 44. b4 g6 45. Qd5 Kg7 46. Qe5+ Qf6 47. Qc5 a6 48. b5 Qf4+ 49. Kh1 Qf1+ 50. Kh2 Qxb5 51. Qd4+ Kh7 52. Qf6 Qc4 53. Qe5 Qa2 54. h4 h5 55. Qf6 a5 56. Kg3 a4 57. Qd4 a3 58. Qa7 Qb3+ 59. Kf4 a2 60. Qd4 Qb1 0-1

[Event "RUS-ch 1L (Women)"]
[Site "Orsk"]
[Date "2000.??.??"]
[Round "5"]
[White "Savushkina, Natalia"]
[Black "Andreeva, Natalija"]
[Result "1/2-1/2"]
[WhiteElo "2077"]
[BlackElo "2273"]
[PlyCount "73"]
[EventDate "2000.??.??"]
[EventType "swiss"]
[EventRounds "9"]
[EventCountry "RUS"]
[SourceTitle "EXT 2001"]
[Source "ChessBase"]
[SourceDate "2000.11.22"]
[SourceVersion "1"]
[SourceVersionDate "2000.11.22"]
[SourceQuality "1"]

1. e4 e5 2. Nf3 Nc6 3. d4 exd4 4. Nxd4 Nf6 5. Nxc6 bxc6 6. e5 Qe7 7. Qe2 Nd5 8. c4 Ba6 9. g3 g5 10. b3 Bg7 11. Bb2 0-0-0 12. Bg2 Rde8 13. 0-0 Bxe5 14. Bxe5 Qxe5 15. Qxe5 Rxe5 16. cxd5 Bxf1 17. Kxf1 cxd5 18. Nc3 c6 19. Rc1 Kd8 20. Bf3 Ke7 21. Na4 h5 22. Nc5 Kd6 23. Nd3 Re7 24. b4 f5 25. h4 g4 26. Bg2 Rb8 27. a3 a5 28. Re1 axb4 29. axb4 Re4 30. Bxe4 fxe4 31. Nf4 Rxb4 32. Nxh5 Ke5 33. Nf4 Rb5 34. h5 d6 35. Ng6+ Kf6 36. Nf4 Ke5 37. Ng6+ 1/2-1/2

[Event "RUS-ch49 (Women)"]
[Site "Moscow"]
[Date "1999.05.24"]
[Round "9"]
[White "Strutinskaya, Galina N"]
[Black "Andreeva, Natalija"]
[Result "1-0"]
[WhiteElo "2295"]
[BlackElo "2254"]
[PlyCount "77"]
[EventDate "1999.05.??"]
[EventType "swiss"]
[EventRounds "9"]
[EventCountry "RUS"]
[SourceTitle "CBM 070 Extra"]
[Source "ChessBase"]
[SourceDate "1999.07.10"]
[SourceVersion "1"]
[SourceVersionDate "1999.07.10"]
[SourceQuality "1"]

1. b3 Nf6 2. Bb2 g6 3. f4 Bg7 4. Nf3 c5 5. e4 0-0 6. d3 d6 7. Be2 Nc6 8. 0-0 b5 9. Qc1 Qb6 10. c4 Bd7 11. Nc3 bxc4 12. dxc4 Nd4 13. Bd3 a5 14. Nxd4 cxd4 15. Nb5 Bxb5 16. cxb5 Rfc8 17. Qd1 e5 18. a4 d5 19. fxe5 Nxe4 20. Qf3 Qb7 21. Qf4 Nc5 22. Rf3 Ne6 23. Qg3 Qc7 24. Re1 Qc5 25. Rff1 Qb4 26. Qf3 Ra7 27. Qxd5 Qd2 28. b6 Re7 29. Ba3 Nf4 30. Qf3 Nxd3 31. Rd1 Nxe5 32. Qh3 Qe3+ 33. Qxe3 dxe3 34. Bxe7 e2 35. b7 exf1Q+ 36. Kxf1 Rb8 37. Rc1 Nc4 38. Rxc4 Be5 39. Bf6 1-0

[Event "RUS-ch49 (Women)"]
[Site "Moscow"]
[Date "1999.05.21"]
[Round "6"]
[White "Turova, Irina"]
[Black "Andreeva, Natalija"]
[Result "1/2-1/2"]
[WhiteElo "2265"]
[BlackElo "2254"]
[PlyCount "144"]
[EventDate "1999.05.??"]
[EventType "swiss"]
[EventRounds "9"]
[EventCountry "RUS"]
[SourceTitle "CBM 070 Extra"]
[Source "ChessBase"]
[SourceDate "1999.07.10"]
[SourceVersion "1"]
[SourceVersionDate "1999.07.10"]
[SourceQuality "1"]

1. d4 Nf6 2. c4 g6 3. Nc3 d5 4. Bf4 Bg7 5. e3 0-0 6. Qb3 dxc4 7. Bxc4 Nc6 8. Be2 Nd7 9. Nf3 Nb6 10. Rd1 a5 11. d5 Nb4 12. e4 Bd7 13. 0-0 Na6 14. Bxa6 Rxa6 15. Nb5 a4 16. Qd3 Na8 17. b3 Bg4 18. h3 Bxf3 19. Qxf3 axb3 20. axb3 Qd7 21. Nd4 Nb6 22. Qc3 Rc8 23. Qc5 Bf8 24. Qc2 Bg7 25. Qc5 Bf8 26. Qc3 Bg7 27. Rd2 Qe8 28. Qd3 Ra5 29. Qc3 Rxd5 30. exd5 Nxd5 31. Qf3 Nxf4 32. Nf5 Nxh3+ 33. Qxh3 gxf5 34. Qxf5 Rd8 35. Rfd1 Rd6 36. Qe4 Qd7 37. Rxd6 cxd6 38. Rc1 d5 39. Qa4 Qd8 40. Qa7 Bh6 41. Rc3 d4 42. Rd3 b6 43. Qb7 e5 44. Qe4 Bg7 45. Rg3 Kh8 46. Qb7 Kg8 47. Rf3 Bf6 48. Qd5 Bg7 49. Qb7 Bf6 50. Qe4 Bg7 51. b4 h6 52. Qb7 Bf6 53. Ra3 Qd6 54. Ra8+ Kg7 55. Qb8 Be7 56. Qh8+ Kg6 57. Rg8+ Kf5 58. Qh7+ Ke6 59. Qxh6+ Kd7 60. Qh3+ Qe6 61. Qa3 Qd6 62. Qh3+ Qe6 63. Qxe6+ Kxe6 64. Rb8 Bxb4 65. Rxb6+ Bd6 66. Kf1 Kd5 67. Ke2 f5 68. f3 e4 69. fxe4+ fxe4 70. g4 d3+ 71. Kd2 Bf4+ 72. Kc3 Be5+ 1/2-1/2

[Event "RUS-ch49 (Women)"]
[Site "Moscow"]
[Date "1999.05.19"]
[Round "5"]
[White "Andreeva, Natalija"]
[Black "Ovchinnikova, Julia"]
[Result "1/2-1/2"]
[WhiteElo "2254"]
[BlackElo "2205"]
[PlyCount "22"]
[EventDate "1999.05.??"]
[EventType "swiss"]
[EventRounds "9"]
[EventCountry "RUS"]
[SourceTitle "CBM 070 Extra"]
[Source "ChessBase"]
[SourceDate "1999.07.10"]
[SourceVersion "1"]
[SourceVersionDate "1999.07.10"]
[SourceQuality "1"]

1. Nf3 d5 2. g3 Bg4 3. Bg2 Nd7 4. c4 e6 5. 0-0 dxc4 6. Qa4 c6 7. Qxc4 Bxf3 8. Bxf3 Ne5 9. Qc3 Nxf3+ 10. Qxf3 Qd4 11. Nc3 Nf6 1/2-1/2

[Event "RUS-ch49 (Women)"]
[Site "Moscow"]
[Date "1999.05.18"]
[Round "4"]
[White "Stepovaia, Tatiana"]
[Black "Andreeva, Natalija"]
[Result "1-0"]
[WhiteElo "2444"]
[BlackElo "2254"]
[PlyCount "149"]
[EventDate "1999.05.??"]
[EventType "swiss"]
[EventRounds "9"]
[EventCountry "RUS"]
[SourceTitle "CBM 070 Extra"]
[Source "ChessBase"]
[SourceDate "1999.07.10"]
[SourceVersion "1"]
[SourceVersionDate "1999.07.10"]
[SourceQuality "1"]

1. e4 c5 2. d3 Nc6 3. f4 d5 4. Be2 dxe4 5. dxe4 Qxd1+ 6. Bxd1 b6 7. c3 Bb7 8. Be3 e5 9. f5 Nf6 10. Nd2 g6 11. fxg6 hxg6 12. Nh3 Bh6 13. Bxh6 Rxh6 14. Nf2 Ke7 15. Bf3 Rah8 16. h3 Bc8 17. Nc4 Be6 18. Ne3 Rd8 19. g4 Rh7 20. Ke2 Na5 21. b3 Nb7 22. Rhd1 Rxd1 23. Rxd1 Nd6 24. c4 Nd7 25. Rh1 g5 26. Nfd1 Nb8 27. Nc3 Nc6 28. Nf5+ Kd7 29. Kf2 Nd4 30. Bg2 Nc8 31. Rf1 Ne7 32. Nxe7 Kxe7 33. Ke3 Rh6 34. Rf2 Kd7 35. Rb2 Kc6 36. a3 Bd7 37. Nd5 Kd6 38. Kf2 Bc6 39. Ne3 Rf6+ 40. Nf5+ Nxf5 41. exf5 e4 42. Ke3 Rh6 43. Rd2+ Kc7 44. b4 cxb4 45. axb4 a5 46. b5 Bb7 47. Bxe4 Rxh3+ 48. Kd4 Bxe4 49. Kxe4 Rg3 50. Kd5 Rxg4 51. Re2 Kd7 52. f6 Rf4 53. Re7+ Kd8 54. Rxf7 Ke8 55. Re7+ Kf8 56. Ke5 Rxc4 57. Rb7 g4 58. Ke6 Rc8 59. Rf7+ Kg8 60. Rg7+ Kf8 61. Rxg4 Rc1 62. Rd4 Re1+ 63. Kd7 Re5 64. Rd6 a4 65. Rxb6 a3 66. Rb8+ Kf7 67. b6 Ra5 68. b7 a2 69. Rf8+ Kg6 70. Rg8+ Kf7 71. b8Q Rd5+ 72. Kc6 a1Q 73. Qe8+ Kxf6 74. Qg6+ Ke7 75. Re8# 1-0

[Event "EU-ch U18 Girls"]
[Site "Mureck"]
[Date "1998.??.??"]
[Round "7"]
[White "Andreeva, Natalija"]
[Black "Dacalor, Aurelie"]
[Result "1/2-1/2"]
[WhiteElo "2280"]
[BlackElo "2100"]
[PlyCount "64"]
[EventDate "1998.07.08"]
[EventType "swiss"]
[EventRounds "9"]
[EventCountry "AUT"]
[SourceTitle "CBM 065 Extra"]
[Source "ChessBase"]
[SourceDate "1998.09.09"]
[SourceVersion "1"]
[SourceVersionDate "1998.09.09"]
[SourceQuality "1"]

1. Nf3 g6 2. c4 Bg7 3. d4 d6 4. g3 e6 5. Bg2 f5 6. 0-0 Nf6 7. Nc3 c6 8. Qd3 Na6 9. e4 0-0 10. exf5 exf5 11. d5 Nc5 12. Qd1 cxd5 13. cxd5 b6 14. Nd4 Ba6 15. Re1 Re8 16. Ne6 Qd7 17. Nxg7 Qxg7 18. Rxe8+ Rxe8 19. Be3 Qd7 20. b4 Nce4 21. Bd4 Nxc3 22. Bxc3 Ne4 23. Bb2 Qe7 24. Qd4 Qe5 25. Qxe5 dxe5 26. Bxe4 fxe4 27. a4 Bd3 28. d6 Re6 29. Rc1 Rxd6 30. Rc8+ Kf7 31. Bxe5 Rd7 32. Rc7 Ke6 1/2-1/2